[Event "IECC CL0-2014.00 email"]
[Site "IECC email"]
[Date "2014.11.23"]
[Round "?"]
[White "Filippkina, Anna"]
[Black "Shim Ng Min, Francis"]
[Result "0-1"]
[WhiteElo "800"]
[BlackElo "1290"]
[PlyCount "40"]
[EventDate "2014.09.30"]
[EventType "tourn (corr)"]
[EventRounds "4"]
[SourceTitle "Corr 2022"]
[Source "ChessBase"]
[SourceDate "2021.10.24"]
[SourceVersion "1"]
[SourceVersionDate "2021.10.24"]
[SourceQuality "1"]

1. e4 c5 2. Nf3 e6 3. d4 cxd4 4. Nxd4 Nf6 5. Bd3 Nc6 6. Be3 Be7 7. 0-0 0-0 8. c4 d6 9. Nc3 Bd7 10. Rc1 Nxd4 11. Bxd4 e5 12. Be3 Bc6 13. f3 a6 14. Qd2 Rc8 15. b3 Kh8 16. Qf2 Nd7 17. Nd5 Bg5 18. Qd2 Bxe3+ 19. Qxe3 Bxd5 20. cxd5 Qb6 0-1

[Event "ZN-2014-0-02848"]
[Site "LSS email"]
[Date "2014.11.03"]
[Round "?"]
[White "Filippkina, Anna"]
[Black "Shim Ng Min, Francis"]
[Result "0-1"]
[WhiteElo "973"]
[BlackElo "1113"]
[PlyCount "56"]
[EventDate "2014.10.28"]
[EventType "match (corr)"]
[EventRounds "2"]
[EventCountry "GER"]
[SourceTitle "Corr 2015"]
[Source "ChessBase"]
[SourceDate "2015.07.17"]
[SourceVersion "1"]
[SourceVersionDate "2015.07.17"]
[SourceQuality "1"]

1. e4 c5 2. Nf3 d6 3. d4 cxd4 4. Nxd4 Nf6 5. Nc3 a6 6. Bg5 e6 7. Bd3 Be7 8. Qd2 0-0 9. h3 Nc6 10. Nde2 Ne5 11. 0-0 b5 12. a3 Bb7 13. f4 Nxd3 14. cxd3 h6 15. Bxf6 Bxf6 16. d4 Rc8 17. Rad1 Qb6 18. Kh1 e5 19. dxe5 dxe5 20. Nd5 Bxd5 21. exd5 exf4 22. Nxf4 Rc4 23. Qf2 Qxf2 24. Rxf2 Rfc8 25. Nh5 Be5 26. g3 Rc1 27. Rff1 Rxd1 28. Rxd1 Bxb2 0-1

[Event "RF-2014-0-00206"]
[Site "LSS email"]
[Date "2014.10.31"]
[Round "?"]
[White "Filippkina, Anna"]
[Black "Shim Ng Min, Francis"]
[Result "0-1"]
[WhiteElo "973"]
[BlackElo "1113"]
[PlyCount "46"]
[EventDate "2014.10.04"]
[EventType "tourn (corr)"]
[EventRounds "6"]
[EventCountry "GER"]
[SourceTitle "Corr 2015"]
[Source "ChessBase"]
[SourceDate "2015.07.17"]
[SourceVersion "1"]
[SourceVersionDate "2015.07.17"]
[SourceQuality "1"]

1. e4 c5 2. Nf3 e6 3. d4 cxd4 4. Nxd4 Nf6 5. Bd3 Nc6 6. Be3 Be7 7. 0-0 0-0 8. c3 d5 9. Nxc6 bxc6 10. Nd2 e5 11. Bg5 Be6 12. Qc2 h6 13. Bh4 dxe4 14. Nxe4 Bd5 15. Rad1 Qb6 16. Nxf6+ Bxf6 17. Bxf6 gxf6 18. c4 Be6 19. Qd2 Kg7 20. Qe3 Qxe3 21. fxe3 Rad8 22. b3 Bg4 23. Rd2 e4 0-1

[Event "CP-2014-P-00050"]
[Site "LSS email"]
[Date "2014.09.30"]
[Round "?"]
[White "Filippkina, Anna"]
[Black "Mesquita, Fausto Monteiro Jr"]
[Result "1-0"]
[WhiteElo "833"]
[BlackElo "1960"]
[PlyCount "46"]
[EventDate "2014.10.01"]
[EventType "tourn (corr)"]
[EventRounds "6"]
[EventCountry "GER"]
[SourceTitle "Corr 2015"]
[Source "ChessBase"]
[SourceDate "2015.07.17"]
[SourceVersion "1"]
[SourceVersionDate "2015.07.17"]
[SourceQuality "1"]

1. e4 c5 2. Nf3 Nc6 3. d4 cxd4 4. Nxd4 Nf6 5. Nc3 e5 6. Ndb5 d6 7. Bg5 a6 8. Na3 b5 9. Nd5 Be7 10. Bxf6 Bxf6 11. c3 0-0 12. Bd3 Bg5 13. 0-0 Be6 14. Nc2 Ne7 15. Nce3 Bxd5 16. Nxd5 Nxd5 17. exd5 f5 18. Bc2 g6 19. a4 e4 20. axb5 axb5 21. Qe2 Rb8 22. Ra6 b4 23. Ba4 bxc3 1-0

[Event "CP-2014-P-00050"]
[Site "LSS email"]
[Date "2014.09.30"]
[Round "?"]
[White "Filippkina, Anna"]
[Black "Pott, Brian"]
[Result "0-1"]
[WhiteElo "833"]
[BlackElo "1781"]
[PlyCount "46"]
[EventDate "2014.10.01"]
[EventType "tourn (corr)"]
[EventRounds "6"]
[EventCountry "GER"]
[SourceTitle "Corr 2015"]
[Source "ChessBase"]
[SourceDate "2015.07.17"]
[SourceVersion "1"]
[SourceVersionDate "2015.07.17"]
[SourceQuality "1"]

1. e4 c5 2. Nf3 d6 3. d4 cxd4 4. Nxd4 Nf6 5. Nc3 g6 6. Be2 Bg7 7. Be3 Nc6 8. 0-0 0-0 9. Qd2 Bd7 10. Rad1 a6 11. f3 Qc7 12. Kh1 Rfe8 13. g4 Nxd4 14. Bxd4 Rac8 15. g5 Nh5 16. Bxg7 Nxg7 17. Bd3 Ne6 18. Nd5 Qc5 19. h4 Bc6 20. c4 Qd4 21. Be2 Qe5 22. Kg2 Bxd5 23. cxd5 Nf4+ 0-1

[Event "OP-2014-0-03491"]
[Site "LSS email"]
[Date "2014.09.04"]
[Round "?"]
[White "Cvak, Rudolf"]
[Black "Filippkina, Anna"]
[Result "1-0"]
[WhiteElo "1733"]
[BlackElo "833"]
[PlyCount "33"]
[EventDate "2014.08.29"]
[EventType "tourn (corr)"]
[EventRounds "4"]
[EventCountry "GER"]
[SourceTitle "Corr 2015"]
[Source "ChessBase"]
[SourceDate "2015.07.17"]
[SourceVersion "1"]
[SourceVersionDate "2015.07.17"]
[SourceQuality "1"]

1. e4 e5 2. f4 d5 3. exd5 e4 4. d3 exd3 5. Bxd3 Nf6 6. c4 Bc5 7. Qe2+ Be7 8. Nf3 0-0 9. 0-0 Re8 10. Be3 Bc5 11. Ne5 Nbd7 12. Bxc5 Nxc5 13. Bc2 Ng4 14. h3 Nxe5 15. fxe5 a5 16. Qf2 Qe7 17. Nc3 1-0

[Event "OP-2014-0-03491"]
[Site "LSS email"]
[Date "2014.09.03"]
[Round "?"]
[White "Huseby, Juan Carlos"]
[Black "Filippkina, Anna"]
[Result "0-1"]
[WhiteElo "424"]
[BlackElo "833"]
[PlyCount "66"]
[EventDate "2014.08.29"]
[EventType "tourn (corr)"]
[EventRounds "4"]
[EventCountry "GER"]
[SourceTitle "Corr 2015"]
[Source "ChessBase"]
[SourceDate "2015.07.17"]
[SourceVersion "1"]
[SourceVersionDate "2015.07.17"]
[SourceQuality "1"]

1. f4 d6 2. e4 Nf6 3. Bb5+ c6 4. Ba4 Nxe4 5. d3 Nc5 6. Bb3 Nxb3 7. axb3 e6 8. Nf3 Be7 9. Ng5 0-0 10. Qh5 Bxg5 11. fxg5 Nd7 12. d4 e5 13. 0-0 exd4 14. Nd2 Ne5 15. Ne4 Bg4 16. Qh4 f5 17. h3 fxe4 18. Bf4 Be2 19. Rf2 d3 20. Bxe5 Rxf2 21. Qxf2 dxe5 22. Qe3 Qd4 23. Qxd4 exd4 24. b4 d2 25. Kf2 d1Q 26. Rxd1 Bxd1 27. c3 e3+ 28. Ke1 dxc3 29. Kxd1 cxb2 30. Kc2 e2 31. Kxb2 e1Q 32. g4 Qxb4+ 33. Kc2 Rd8 0-1